MARC details
| 000 -CABECERA |
| campo de control de longitud fija |
03423nam a2200313 a 4500 |
| 001 - NÚMERO DE CONTROL |
| campo de control |
BRCA_2815 |
| 005 - FECHA Y HORA DE LA ÚLTIMA TRANSACCIÓN |
| campo de control |
20190320204000.0 |
| 008 - DATOS DE LONGITUD FIJA--INFORMACIÓN GENERAL |
| campo de control de longitud fija |
091208s1905----sp-#---###---#000-0#spa-u |
| 041 ## - CÓDIGO DE LENGUA |
| Código de lengua del texto/banda sonora o título independiente |
spa |
| 044 ## - CÓDIGO DEL PAÍS DE LA ENTIDAD EDITORA/PRODUCTORA |
| Código MARC del país |
sp |
| 084 ## - OTRO NÚMERO DE CLASIFICACIÓN |
| Número de clasificación |
259 |
| Número de documento/Ítem |
.S83 |
| -- |
1905 |
| 100 1# - ENTRADA PRINCIPAL--NOMBRE DE PERSONA |
| Nombre de persona |
Cervantes Saavedra, Miguel de |
| Fechas asociadas al nombre |
1547-1616 |
| 9 (RLIN) |
213 |
| 245 10 - MENCIÓN DE TÍTULO |
| Título |
El Ingenioso Hidalgo Don Quijote de la Mancha |
| Mención de responsabilidad, etc. |
compuesto por Miguel de Cervantes Saavedra. |
| 260 ## - PUBLICACIÓN, DISTRIBUCIÓN, ETC. |
| Lugar de publicación, distribución, etc. |
Madrid |
| Nombre del editor, distribuidor, etc. |
Victoriano Suárez |
| Fecha de publicación, distribución, etc. |
1905 |
| 300 ## - DESCRIPCIÓN FÍSICA |
| Extensión |
6 v. |
| Dimensiones |
29 cm. |
| Material acompañante/anejo |
varias hojas plegables |
| 500 ## - NOTA GENERAL |
| Nota general |
Contenido : v 1. Primera parte. Introducción por C. Cortejón. Preliminares íntegras de las primeras ediciones. Lista de las ediciones consultadas. Advertencia preliminar. Texto. -- v 2. Primera parte. Observaciones generales por C. Cortejón. Lista de ediciones consultadas. Texto. -- v 3. Primera parte. Observaciones generales. Ediciones consultadas. Texto. -- v 4. Segunda parte. Introducción. Ediciones consultadas. Preliminares de la edición príncipe. Texto. -- v 5. Variantes del capítulo XLV. Ediciones consultadas. texto. -- v 6. Retrato de Cortejón. Advertencia preliminar. Ediciones consultadas. Texto |
| 500 ## - NOTA GENERAL |
| Nota general |
Edición : Primera crítica con variantes, notas, y el diccionario de todas las palabras usadas en la inmortal novela por Clemente Cortejón |
| 500 ## - NOTA GENERAL |
| Nota general |
Una de las más notables ediciones del Quijote que se han publicado en España hasta aquel entonces por un comentador de la importancia de C. Cortejón. La muerte prematura truncó su obra de mucha erudición (en cuanto a la técnica y minucias literarias, así como a la gramática se refiere), por lo que no pudo acabar su diccionario ni dar cima al último tomo que corrió a cargo de Givanel y Más. Cortejón fue uno de los más doctos cervantistas en su tiempo quien dedicó más de 30 años al estudio del Quijote. Tuvo el mérito de probar en definitiva que Cervantes no corrigió la edición de 1608, de Cuesta, y rebatió los supuestos errores gramaticales que Clemencín reprochaba del autor. Sin embargo, su condición de sacerdote y los consiguientes prejuicios religiosos, le impidieron ver más allá de puro lenguaje y estilo de la obra. Cotejó nada menos que 26 ediciones quijotiles y, con todo, desacertó al aceptar en la suya las enmiendas de la mencionada tercera de Cuesta, cuyos pasajes de la primera edición del mismo editor, eran irreverentes para con las cosas de la Iglesia, como por ejemplo, el episodio de la penitencia de D. Quijote en Sierra Morena (I, 26). Su trabajo, empero, habrpa de ser tomado en cuenta por cualquier cervantista serio que, en lo futuro, se proponga investigar la gran obra. La parte tipográfica que corre parejas con la literaria, honra por sí sola a los impresores. La tirada está hecha a grandes márgenes sobre papel fabricado expresamente para esta edición y es de una pulcritud irreprochable. Semipiel; lomeras decoradas con filetes dorados Lúdovik Osterc |
| 500 ## - NOTA GENERAL |
| Nota general |
Incluye índice : De materias |
| 500 ## - NOTA GENERAL |
| Nota general |
QM230D |
| 650 14 - PUNTO DE ACCESO ADICIONAL DE MATERIA--TÉRMINO DE MATERIA |
| Término de materia o nombre geográfico como elemento de entrada |
Novela española |
| Subdivisión cronológica |
Época clásica, 1500-1700 |
| 9 (RLIN) |
215 |
| 650 14 - PUNTO DE ACCESO ADICIONAL DE MATERIA--TÉRMINO DE MATERIA |
| Término de materia o nombre geográfico como elemento de entrada |
Literatura española |
| Subdivisión cronológica |
Época clásica, 1500-1700 |
| 9 (RLIN) |
216 |
| 650 14 - PUNTO DE ACCESO ADICIONAL DE MATERIA--TÉRMINO DE MATERIA |
| Término de materia o nombre geográfico como elemento de entrada |
Novela española |
| Subdivisión cronológica |
Siglo XVII |
| 9 (RLIN) |
217 |
| 650 14 - PUNTO DE ACCESO ADICIONAL DE MATERIA--TÉRMINO DE MATERIA |
| Término de materia o nombre geográfico como elemento de entrada |
Don Quijote (Personaje ficticio) |
| Término indicativo de función/relación |
Novela |
| 9 (RLIN) |
218 |
| 700 1# - PUNTO DE ACCESO ADICIONAL--NOMBRE DE PERSONA |
| Nombre de persona |
Cortejón y Lucas, Clemente |
| Fechas asociadas al nombre |
1842-1911 |
| Término indicativo de función/relación |
Anotador |
| 9 (RLIN) |
7900 |
| 740 0# - PUNTO DE ACCESO ADICIONAL--TÍTULO RELACIONADO O ANALÍTICO NO CONTROLADO |
| Título relacionado o analítico no controlado |
El Ingenioso Hidalgo Don Quijote de la Mancha |
| 902 ## - CATALOGADOR |
| Iniciales |
QFM |
| 942 ## - ELEMENTOS DE PUNTO DE ACCESO ADICIONAL (KOHA) |
| Fuente del sistema de clasificación o colocación |
Library of Congress Classification |
| Tipo de ítem Koha |
Libros |